000 00654nam a22002177a 4500
003 OSt
005 20240702060010.0
008 240702b |||||||| |||| 00| 0 eng d
020 _a97801316077916
040 _aDWC- Main Lib
_cOC
082 _aCirc. 620.1 H443e 2019
100 _aHibbeler, R. C.
245 _aEngineering mechanics dynamics volume 2 /
_cR. C. Hibbeler.
260 _aNewy Jersey :
_bPearson Education Inc.,
_cc2019.
300 _a397-372 pages :
_billustrations ;
_c29cm.
504 _aIncludes index.
650 _a1. Dynamics
650 _a2. Mechanics, Applied
650 _a3. Mechanical engineering
942 _2ddc
_cBK-CIRC
_n1
999 _c1794
_d1794